|
|
|
|
| LEADER |
00000cam a2200000 7i4500 |
| 001 |
0000003570 |
| 002 |
000003841 |
| 005 |
20011105.0 |
| 020 |
|
|
|a 9838930091
|
| 090 |
0 |
0 |
|a F
|b ROS
|
| 100 |
0 |
|
|a Rosmalina Nanzam
|
| 245 |
1 |
0 |
|a Kaulah mustikaku
|c Rosmalina Nanzam
|
| 260 |
|
|
|a Kuala Lumpur :
|b Creative Enterprise ,
|c 1992
|
| 300 |
|
|
|a 110p. ;
|c 17cm.
|
| 650 |
0 |
0 |
|a Malay fiction
|
| 999 |
|
|
|a 031797
|b BUKU
|c YOUTH FICTION
|e PERPUSTAKAAN KOMUNITI PETALING JAYA
|
| 999 |
|
|
|a 031798
|b BUKU
|c PINJAMAN
|e PERPUSTAKAAN KOMUNITI PETALING JAYA
|
| 999 |
|
|
|a 044819
|b BUKU
|c FICTION
|e PERPUSTAKAAN KOMUNITI CAW KOTA DAMANSARA
|